Triste domingo /

Guardado en:
Detalles Bibliográficos
Autor principal: Garibay, Ricardo (autor)
Formato: Libro
Idioma:Español
Publicado: México : Joaquín Mortiz, 1991, c1991
Etiquetas: Agrega una etiqueta
Sin etiquetas, Sé el primero en etiquetar este registro!

MARC

LEADER 00000nam^a2200000^a^4500
001 000619761
005 20260220000000.0
009 20260310133826.511
020 |a 968-27-0416-2 
037 |a Acervo ITESO - Biblioteca 
041 |a ESP 
091 |a FOB. 01112 
100 |a Garibay, Ricardo  |e (autor) 
245 1 0 |a Triste domingo / 
264 4 |a México :  |b Joaquín Mortiz,  |c 1991, c1991 
300 |a 332 p. 
336 |a texto  |b txt  |2 rdacontenido 
337 |a sin mediación  |b n  |2 rdamedio 
338 |a volumen  |b nc  |2 rdasoporte 
649 |a XX 
910 |a Fondo Carlos de Obeso Orendain 
920 |a Impresos - Libros 
930 |a Fondos Especiales 
940 |a Literatura 
905 |a 147 
901 |a 619761-10  |b IT2  |c ESP  |i D83877  |u 20250826 
902 |a https://opac.biblio.iteso.mx/vufind/Record/000619761